Culture Générale - Clic Quiz - La réponse est en emoji par IA #32 - Statistiques

Statistiques générales
  • Ce quiz a été pris 198 fois
  • Le résultat moyen est 23 sur 40
Statistiques - réponses
Hint Réponse % Correct
Sid de L'Âge de glace
89%
Che Guevara
88%
Woody Woodpecker
87%
Flash
87%
Arlequin
87%
Robert Downey Jr.
81%
Taz
80%
Platon
79%
Ghostface
79%
Molière
77%
Kermit
74%
Maximilian Rockatansky (Mad Max)
72%
Sauron
67%
Marcus Rashford
67%
Marco Reus
66%
Dr Egon Spengler dans SOS Fantômes (Ghostbusters)
64%
Trần Hưng Đạo
63%
Georges Brassens
63%
Nicky Larson
62%
Romain Duris
59%
Casemiro
59%
Jean-Luc Picard dans Star Trek
56%
Dani Olmo
53%
Andrey Rublev
51%
Jean-Michel Blanquer
51%
Fan Zhendong
50%
Harvey Weinstein
50%
Joe Dassin
46%
Johann Wolfgang von Goethe
41%
Andreï Archavine
41%
Robert Mitchum
38%
Henri Becquerel
34%
Steve Urkel dans La Vie de Famille
33%
Nicolas Machiavel (Niccolò Machiavelli)
32%
Groucho Marx
29%
Patrick Ewing
29%
Roger Waters
26%
Mariano Rajoy
21%
Ian Curtis (Joy Division)
18%
Jean-Jacques Dessalines
12%
Aucun quiz correspondant
Distribution des résultats
% des personnes avec chaque résultat
Percentile par nombre de réponses
Votre historique - résultats
Vous n’avez pas pris ce quiz